<?xml version="1.0" encoding="UTF-8"?>
<record
    xmlns:xsi="http://www.w3.org/2001/XMLSchema-instance"
    xsi:schemaLocation="http://www.loc.gov/MARC21/slim http://www.loc.gov/standards/marcxml/schema/MARC21slim.xsd"
    xmlns="http://www.loc.gov/MARC21/slim">

  <leader>00549nam a22001577a 4500</leader>
  <controlfield tag="005">20260225092902.0</controlfield>
  <controlfield tag="008">260225b        |||||||| |||| 00| 0 eng d</controlfield>
  <datafield tag="020" ind1=" " ind2=" ">
    <subfield code="a">978-178583351-9</subfield>
  </datafield>
  <datafield tag="100" ind1=" " ind2=" ">
    <subfield code="a">WARD, JACKIE</subfield>
  </datafield>
  <datafield tag="245" ind1=" " ind2=" ">
    <subfield code="a">ON THE FRINGES</subfield>
    <subfield code="b">PREVENTING EXCLUSION IN SCHOOLS THROUGH INCLUSIVE, CHILD CENTRED, NEEDS-BASED PRACTICE</subfield>
  </datafield>
  <datafield tag="260" ind1=" " ind2=" ">
    <subfield code="a">WALES</subfield>
    <subfield code="b">CROWN HOUSE PUBLISHING</subfield>
    <subfield code="c">2019</subfield>
  </datafield>
  <datafield tag="300" ind1=" " ind2=" ">
    <subfield code="a">155P.</subfield>
  </datafield>
  <datafield tag="500" ind1=" " ind2=" ">
    <subfield code="a">INCLUDES INDEX</subfield>
  </datafield>
  <datafield tag="650" ind1=" " ind2=" ">
    <subfield code="a">1. INCLUSIVE EDUCATION -GREAT BRITAIN 2. MAINISTREAMING IN EDUCATION - GREAT BRITAIN</subfield>
  </datafield>
  <datafield tag="942" ind1=" " ind2=" ">
    <subfield code="2">lcc</subfield>
    <subfield code="c">BK</subfield>
  </datafield>
  <datafield tag="999" ind1=" " ind2=" ">
    <subfield code="c">216636</subfield>
    <subfield code="d">216636</subfield>
  </datafield>
  <datafield tag="952" ind1=" " ind2=" ">
    <subfield code="0">0</subfield>
    <subfield code="1">0</subfield>
    <subfield code="2">lcc</subfield>
    <subfield code="4">0</subfield>
    <subfield code="6">LC1203 G7 W37  02019</subfield>
    <subfield code="7">0</subfield>
    <subfield code="8">ARTS</subfield>
    <subfield code="9">375385</subfield>
    <subfield code="a">KSUL</subfield>
    <subfield code="b">KSUL</subfield>
    <subfield code="c">DISPLAY</subfield>
    <subfield code="d">2026-02-25</subfield>
    <subfield code="i">111531</subfield>
    <subfield code="l">0</subfield>
    <subfield code="o">LC 1203 .G7W37 2019</subfield>
    <subfield code="p">A000775</subfield>
    <subfield code="r">2026-02-25 09:39:00</subfield>
    <subfield code="t">1</subfield>
    <subfield code="w">2026-02-25</subfield>
    <subfield code="y">BK</subfield>
  </datafield>
  <datafield tag="952" ind1=" " ind2=" ">
    <subfield code="0">0</subfield>
    <subfield code="1">0</subfield>
    <subfield code="2">lcc</subfield>
    <subfield code="4">0</subfield>
    <subfield code="6">LC1203 G7 W37  02019</subfield>
    <subfield code="7">0</subfield>
    <subfield code="8">ARTS</subfield>
    <subfield code="9">375387</subfield>
    <subfield code="a">KSUL</subfield>
    <subfield code="b">KSUL</subfield>
    <subfield code="c">DISPLAY</subfield>
    <subfield code="d">2026-02-25</subfield>
    <subfield code="i">111532</subfield>
    <subfield code="l">0</subfield>
    <subfield code="o">LC 1203 .G7W37 2019</subfield>
    <subfield code="p">A000776</subfield>
    <subfield code="r">2026-02-25 09:39:00</subfield>
    <subfield code="t">2</subfield>
    <subfield code="w">2026-02-25</subfield>
    <subfield code="y">BK</subfield>
  </datafield>
  <datafield tag="952" ind1=" " ind2=" ">
    <subfield code="0">0</subfield>
    <subfield code="1">0</subfield>
    <subfield code="2">lcc</subfield>
    <subfield code="4">0</subfield>
    <subfield code="6">LC1203 G7 W37  02019</subfield>
    <subfield code="7">0</subfield>
    <subfield code="8">ARTS</subfield>
    <subfield code="9">375389</subfield>
    <subfield code="a">KSUL</subfield>
    <subfield code="b">KSUL</subfield>
    <subfield code="c">DISPLAY</subfield>
    <subfield code="d">2026-02-25</subfield>
    <subfield code="i">111533</subfield>
    <subfield code="l">0</subfield>
    <subfield code="o">LC 1203 .G7W37 2019</subfield>
    <subfield code="p">A000777</subfield>
    <subfield code="r">2026-02-25 09:39:00</subfield>
    <subfield code="t">3</subfield>
    <subfield code="w">2026-02-25</subfield>
    <subfield code="y">BK</subfield>
  </datafield>
  <datafield tag="952" ind1=" " ind2=" ">
    <subfield code="0">0</subfield>
    <subfield code="1">0</subfield>
    <subfield code="2">lcc</subfield>
    <subfield code="4">0</subfield>
    <subfield code="6">LC1203 G7 W37  02019</subfield>
    <subfield code="7">0</subfield>
    <subfield code="8">ARTS</subfield>
    <subfield code="9">375392</subfield>
    <subfield code="a">KSUL</subfield>
    <subfield code="b">KSUL</subfield>
    <subfield code="c">DISPLAY</subfield>
    <subfield code="d">2026-02-25</subfield>
    <subfield code="i">111534</subfield>
    <subfield code="l">0</subfield>
    <subfield code="o">LC 1203 .G7W37 2019</subfield>
    <subfield code="p">A000778</subfield>
    <subfield code="r">2026-02-25 09:39:00</subfield>
    <subfield code="t">4</subfield>
    <subfield code="w">2026-02-25</subfield>
    <subfield code="y">BK</subfield>
  </datafield>
  <datafield tag="952" ind1=" " ind2=" ">
    <subfield code="0">0</subfield>
    <subfield code="1">0</subfield>
    <subfield code="2">lcc</subfield>
    <subfield code="4">0</subfield>
    <subfield code="6">LC1203 G7 W37  02019</subfield>
    <subfield code="7">0</subfield>
    <subfield code="8">ARTS</subfield>
    <subfield code="9">375395</subfield>
    <subfield code="a">KSUL</subfield>
    <subfield code="b">KSUL</subfield>
    <subfield code="c">DISPLAY</subfield>
    <subfield code="d">2026-02-25</subfield>
    <subfield code="i">111535</subfield>
    <subfield code="l">0</subfield>
    <subfield code="o">LC 1203 .G7W37 2019</subfield>
    <subfield code="p">A000779</subfield>
    <subfield code="r">2026-02-25 09:39:00</subfield>
    <subfield code="t">5</subfield>
    <subfield code="w">2026-02-25</subfield>
    <subfield code="y">BK</subfield>
  </datafield>
</record>
